000 00776nam a22002417a 4500
003 OSt
005 20210223131655.0
008 210223s1996 ck ||||gr|||| 00| 0 spa d
020 _a9589333753
040 _aCO-JMCR
_cCO-JMCR
041 0 _aspa
082 0 4 _a341.77 /
_bS112d
_223
100 1 _aSaavedra Rojas, Edgar,
_eautor
_913816
245 1 0 _aDerecho penal internacional /
_cEdgar Saavedra Rojas, Carlos Gordillo Lombana
260 _aBogotá :
_bEdiciones jurídicas Gustavo Ibáñez,
_c1996
300 _a833 páginas ;
_c24 cm.
504 _aBibliografía : páginas 825-833.
505 _aDerechos humanos y jurisprudencia
650 2 4 _aLey 23
_913817
650 2 4 _aCrímenes internacionales
_92885
650 2 4 _aDerechos humanos
_913818
942 _2ddc
_cBK
999 _c7295
_d7295